Pokémon Moves that Cause Sleep - Statistics

General Stats
  • This quiz has been taken 68 times
  • The average score is 9 of 14
Answer Stats
Gen Introduced Type Chance to Sleep Move % Correct
1 Grass 100% Sleep Powder
98%
1 Psychic 100% Hypnosis
94%
4 Dark 100% Dark Void
90%
1 Grass 100% Spore
82%
1 Normal 100% Sing
78%
1 Psychic 100% Rest
76%
3 Normal 100% Yawn
76%
3 Grass 100% Grass Whistle
73%
8 Poison 16.67% Dire Claw
55%
1 Normal 100% Lovely Kiss
53%
3 Normal 30% Secret Power
49%
8 Bug 33.3% G-Max Befuddle
43%
8 Dark 50% G-Max Snooze
41%
5 Normal 10% Relic Song
39%
No matching quizzes found
Score Distribution
Percent of People with Each Score
Percentile by Number Answered
Your Score History
You have not taken this quiz